| 000 | 00657nam a2200205Ia 4500 | ||
|---|---|---|---|
| 001 | 2929 | ||
| 003 | GE_BSU | ||
| 008 | 181216s||||||||xx |||||||||||||| ||und|| | ||
| 040 | _cGE_BSU | ||
| 080 | _a665.6.05 | ||
| 100 | _aМакаров,Ю.И. Генкин,А.Э. | ||
| 245 | _aТехнологическое оборудование химических и нефтегазоперерабатывающих заводов. | ||
| 245 | _bУчебник. | ||
| 250 | _aИзд. 2-е, перераб. и доп. | ||
| 260 | _aМ. | ||
| 260 | _bМашиностроение. | ||
| 260 | _c1976. | ||
| 300 | _a368 стр. с илл. 20 см. | ||
| 942 | _cBK | ||
| 999 |
_c36977 _d36977 |
||